Lancashire Places - Sudden Death - Statistics

General Stats
  • This quiz has been taken 88 times
  • The average score is 12 of 16
Answers on the Grid
Answers color-coded by a green-red scale on the quiz's grid according to % correct below.
Accrington
Banbury
Barnoldswick
Bath
Blackburn
Blackpool
Burnley
Carlisle
Clitheroe
Colne
Darwen
Doncaster
Dunstable
Guildford
Harrogate
Heysham
Ipswich
Lancaster
Leyland
Mansfield
Morecambe
Nelson
Ormskirk
Penrith
Peterborough
Preston
Rotherham
Skelmersdale
Solihull
Stafford
Stoke-on-Trent
Whitby
 
Answer Stats
Answer % Correct
Blackpool
94%
Preston
87%
Blackburn
84%
Burnley
84%
Morecambe
83%
Lancaster
81%
Leyland
76%
Darwen
75%
Nelson
75%
Accrington
73%
Clitheroe
71%
Ormskirk
71%
Colne
60%
Heysham
59%
Skelmersdale
59%
Barnoldswick
54%
No matching quizzes found
Score Distribution
Percent of People with Each Score
Percentile by Number Answered
Your Score History
You have not taken this quiz